Guitar or Bass?-Sudden Death! - Statistics

General Stats
  • This quiz has been taken 266 times
  • The average score is 2 of 10
Answers on the Grid
Answers color-coded by a green-red scale on the quiz's grid according to % correct below.
The 0001 Strat
Fiesta Red Strat
1935 Martin D-28
Arm The Homeless
1958 Flying V
Baby Snakes SG
'59 Gibson Les Paul
Blue Fernandes
B-Bender
Dragon Telecaster
Fender Standard Precision
Squier Classic
Ibanez GSRM20
Yamaha TRBX604FM
Fernandes Gravity
Gretsch Streamliner
Yamaha TRBX174
Rivolta Mondata
Aria Pro
 
Answer Stats
Answer % Correct
1958 Flying V
45%
'59 Gibson Les Paul
45%
Dragon Telecaster
34%
Fiesta Red Strat
27%
The 0001 Strat
23%
B-Bender
17%
1935 Martin D-28
15%
Arm The Homeless
13%
Baby Snakes SG
13%
Blue Fernandes
6%
No matching quizzes found
Score Distribution
Percent of People with Each Score
Percentile by Number Answered
Your Score History
You have not taken this quiz